书目信息 |
| 题名: |
各国法律概况
|
|
| 作者: | 丘日庆 主编 | |
| 分册: | ||
| 出版信息: | 上海 知识出版社 1981.10 |
|
| 页数: | 306页 | |
| 开本: | 19cm | |
| 丛书名: | 国外法学知识译丛 | |
| 单 册: | ||
| 中图分类: | D910 , D93 | |
| 科图分类: | ||
| 主题词: | 法学--汇编--世界 , 法律 | |
| 电子资源: | ||
| ISBN: | ||
| 000 | 00762nam0 2200253 45 | |
| 001 | 1531236737 | |
| 005 | 20150128082436.82 | |
| 010 | @dCNY0.83 | |
| 091 | @a6214.1003 | |
| 100 | @a20030224d1981 km y0chiy0120 ea | |
| 101 | 0 | @achi |
| 200 | 1 | @a各国法律概况@AGe Guo Fa Lu Gai Kuang@f丘日庆主编@FQiu Ri Qing Zhu Bian |
| 210 | @a上海@c知识出版社@d1981.10 | |
| 215 | @a306页@d19cm | |
| 225 | @a国外法学知识译丛@f上海社会科学院法学研究所编译 | |
| 410 | @12001 @a国外法学知识译丛 | |
| 410 | @1700 0@a上海社会科学院法学研究所@AShang Hai She Hui Ke Xue Yuan Fa Xue Yan Jiu Suo@4编译 | |
| 606 | 0 | @a法学@x汇编@x世界 |
| 606 | 0 | @a法律 |
| 690 | @aD910@v3 | |
| 690 | @aD93@v4 | |
| 701 | 0 | @a丘日庆@4主编 |
| 801 | @aCN@bTSSF@c20150128 | |
| 905 | @aZUCC@dD93@eJY1 | |
| 各国法律概况/丘日庆主编.-上海:知识出版社,1981.10 |
| 306页;19cm.-(国外法学知识译丛/上海社会科学院法学研究所编译) |
| ISBN :CNY0.83 |
| ● |
| 相关链接 |
|
|
|
|
正题名:各国法律概况
索取号:D93/JY1
 
预约/预借
| 序号 | 登录号 | 条形码 | 馆藏地/架位号 | 状态 | 备注 |
| 1 | 7843812 | 278438120 | 学院路分馆/ [索取号:D93/JY1] | 在馆 |